00822nam a2200181 a 450000100060000000300090000600800410001502000150005604000280007108200170009910000210011624500530013726000390019030000110022950503550024065000230059565000220061815237CO-ViMGA141112s2004 ck r 000 u spa d a9586760952 aCO-ViMGAbspacCO-ViMGA04a350.986 P3511 aPenagos, Gustavo10aEmpresas estatales : bProyección al siglo XXI aBogotá, cDoctrina y ley, c2000 a412.p. aEmpresas estatales Empresas públicas Empresas descentralizadas Departamentales y Municipales Entidades Descentralizadas Indirectas o de segundo grado Fundaciones , Corporaciones y asociaciones Entidades y empresas con regimen especial Democracia industrial y economica : Expropiación, Nacionalización y Privatización de las empresas estatales14aEMPRESAS ESTATALES14aEMPRESAS PUBLICAS